| 000 | 01793cam a2200349 4500 | ||
|---|---|---|---|
| 001 | ##E133099 | ||
| 002 | ##9353 | ||
| 008 | 000000n2006 000 0 eng u | ||
| 020 | _a1842192493 | ||
| 035 | _a(Sirsi) u133099 | ||
| 041 | 0 | _aeng | |
| 050 | 0 | 4 | _a690.2 $2 18 |
| 110 | 2 |
_aWatts and Partners _92303 |
|
| 245 | 0 | 0 | _aWatts pocket handbook 2006 |
| 250 | _a22nd ed. | ||
| 260 |
_aLondon _bRICS Books _c2006 |
||
| 300 |
_avi, 290p _c18cm. |
||
| 350 | _a20 | ||
| 505 | 2 | _aProperty acquisition -- Development and procurement -- Legislation -- Design -- Materials and defects -- Conservation -- Maintenance management -- Cost management -- Technical resources. | |
| 520 | _a2006 edition of this annual publication providing legal and technical advice and guidance for those working in property and construction. New content in this edition covers Home Inspection Packs, flooding, building into the basement, condensation and toxic moulds, the european energy performance of buildings directive (Directive 2002/91/EC), the Regulatory Reform (Fire Safety) Order 2005, achieving excellence in construction, the Town and Country Planning (General Development Procedure) (Amendment) (England) Order 2005, falls from height, surveying safely, and the Work at Height Regulations 2005. | ||
| 520 | _aSupersedes 2005 edition (ISBN 1870776224). | ||
| 520 | _aSuperseded by 2007 edition (L135745). | ||
| 590 | _aIKA060606 | ||
| 650 | 2 | 4 | _aDIRECTIVE 2002/91/EC |
| 650 | 2 | 4 | _aREGULATORY REFORM (FIRE SAFETY) ORDER 2005 |
| 650 | 2 | 4 | _aTOWN AND COUNTRY PLANNING (GENERAL DEVELOPMENT PROCEDURE) (AMENDMENT) (ENGLAND) ORDER 2005 |
| 650 | 2 | 4 | _aHOME INFORMATION PACKS |
| 650 | 2 | 4 | _aWORK AT HEIGHT REGULATIONS 2005 |
| 651 | 4 |
_aEngland _y886- |
|
| 690 | _aBUILT ENVIRONMENT | ||
| 942 | _n0 | ||
| 999 |
_c105329 _d105329 |
||